| 000 | 00482nam a2200181Ia 4500 | ||
|---|---|---|---|
| 001 | 1778 | ||
| 005 | 20260306143753.0 | ||
| 008 | 260306t2010||||xx |||||||||||||| ||spa|| | ||
| 041 | _aESP | ||
| 082 |
_a155.4 _bG24 |
||
| 100 |
_aGarcía Rubio, Susana _eAUT |
||
| 245 | 0 |
_aEscuelas para padres 50 años después: _bun lugar de encuentro para crecer como padres |
|
| 260 | _c2010 | ||
| 300 |
_a370 páginas : _c22 cm. |
||
| 650 | _aGEN | ||
| 654 | _aCPS | ||
| 942 |
_cLIB _dJUS _fJUS _2ddc _n |
||
| 999 |
_c1778 _d1778 |
||